000 01177nam0a22002771 4500
001 rc\1108632
005 20210316132628.0
035 _a(NLR Aleph) 006353162
090 _a4823249
_c4823249
100 _a20041126d1982 u |0rusy50 ca
101 0 _arus
102 _aRU
105 _aa |||||||||
200 1 _aМодели планирования и управления производством в объединениях (предприятиях) и их организационно-экономическое обеспечение
_e[Сб. ст.]
_fАН СССР, Центр. экон.-мат. ин-т
_g[Отв. ред. Данилин В.И., Плещинский А.С.]
210 _aМ.
_cЦЭМИ
_d1982
215 _a149 с.
_cил.
_d20
320 _aБиблиогр. в конце ст.
702 1 _aДанилин
_bВ. И.
_gВячеслав Иванович
_4340
702 1 _aПлещинский
_bА. С.
_4340
712 0 2 _aЦентральный экон.-мат. ин-т
_cМосква
_3RU\NLR\AUTH\889947119
801 0 _aRU
_bNLR
_gpsbo
801 1 _aRU
_bELAR
_2rusmarc
852 _aNLR
_j84-3/11693
942 _cBOOK
980 _aNB